000 00575nam a22001817a 4500
999 _c142151
_d142151
005 20181224120109.0
010 _aENG-119028
020 _a9789384535230
_c499.00
035 _aEN-102560
037 _bDBAD/PUB
082 _a371.3
100 _aBaghel, Hemlata
245 _aDifferent prespective in education /
_cby Hemlata Baghel [and] Hemlata Dinkar
260 _aBhopal
_bIndra Publishing House
_c2015
270 _aE-5/21, Area Colony, Habibganj Police Station Road
_bBhopal
_e462016
300 _a98p.
_c21cm(pbk)
942 _2ddc
_cEN
_h371.3
_mDIF